Manual de ortopedia funcional de los maxilares y ortodoncia interceptiva (Registro nro. 10013)

Detalles MARC
000 -Cabecera
Campo de control de longitud fija 00781nam a22002777a 4500
005 - Fecha y hora de la última transacción
Campo de control 20251121113707.0
008 - Elementos de longitud fija--Información general
Campo de control de longitud fija 170406b1993 xxu||||| |||| 00| 0 spa d
020 ## - International Standard Book Number
Número Internacional Estándar del Libro (ISBN) 9806189300
041 ## - Idioma
Código de idioma Español
082 ## - Clasificación Decimal Dewey
Número de clasificación 617.643 Q8m
100 ## - Entrada principal--Autor personal
Nombre personal Quirós Álvarez, Oscar José
9 (RLIN) 43537
245 ## - Título propiamente dicho
Título Manual de ortopedia funcional de los maxilares y ortodoncia interceptiva
260 ## - Pie de imprenta
Lugar de publicación, distribución, etc. Venezuela
260 ## - Pie de imprenta
Nombre del editor, distribuidor, etc. Actualidades Médico Odontológicas Latinoamérica
260 ## - Pie de imprenta
Fecha de publicación, distribución, etc. 1994
300 ## - Descripción física
Extensión 112 páginas
300 ## - Descripción física
Otras características físicas Ilustraciones a color
490 ## - Serie
Título de la Serie Mecánica Dental
650 ## - Materia general
Temática (materia general) ORTODONCIA
650 ## - Materia general
Temática (materia general) ORTODONCIA INTERCEPTIVA
650 ## - Materia general
Temática (materia general) ORTOPEDIA FUNCIONAL
650 ## - Materia general
Temática (materia general) MAXILARES
650 ## - Materia general
Temática (materia general) MALOCLUSIONES
650 ## - Materia general
Temática (materia general) RADIOGRAFÍAS
942 ## - Punto de acceso adicional KOHA
Tipo de ítem KOHA Libro
Fuente del sistema de clasificación o colocación Dewey Decimal Classification
Existencias
Signatura completa Código de barras Tipo de ítem
617.643 Q8m 3727 Libro